Elementary economics, (Record no. 542702)
[ view plain ]
| 000 -LEADER | |
|---|---|
| fixed length control field | 00502cam a2200181u 4500 |
| 082 ## - DEWEY DECIMAL CLASSIFICATION NUMBER | |
| Classification number | 330 |
| Author Mark | JAT |
| -- | L-27,P-21 |
| 100 1# - MAIN ENTRY--PERSONAL NAME | |
| Personal name | Jathar and beri |
| 9 (RLIN) | 37989 |
| 245 10 - TITLE STATEMENT | |
| Title | Elementary economics, |
| 250 ## - EDITION STATEMENT | |
| Edition statement | 2nd ed |
| 260 ## - PUBLICATION, DISTRIBUTION, ETC. | |
| Place of publication, distribution, etc. | Londan |
| Name of publisher, distributor, etc. | Oxford university press |
| Date of publication, distribution, etc. | 1944 |
| 300 ## - PHYSICAL DESCRIPTION | |
| Extent | 194 p, |
| Dimensions | 21 cm. |
| 526 ## - STUDY PROGRAM INFORMATION NOTE | |
| Program name | 0 |
| Interest level | 0 |
| Reading level | 0 |
| Title point value | 330_000000000000000_JAT |
| 650 #0 - SUBJECT ADDED ENTRY--TOPICAL TERM | |
| Topical term or geographic name entry element | Economics. |
| 9 (RLIN) | 1437 |
| 650 #0 - SUBJECT ADDED ENTRY--TOPICAL TERM | |
| Topical term or geographic name entry element | MCE |
| 9 (RLIN) | 379 |
| 700 1# - ADDED ENTRY--PERSONAL NAME | |
| Personal name | Buck, Norman Sydney, |
| 9 (RLIN) | 37990 |
| 700 1# - ADDED ENTRY--PERSONAL NAME | |
| Personal name | Furniss, Edgar Stevenson, |
| 9 (RLIN) | 37991 |
| 942 ## - ADDED ENTRY ELEMENTS (KOHA) | |
| Source of classification or shelving scheme | |
| Koha item type | Book |
| Withdrawn status | Lost status | Source of classification or shelving scheme | Damaged status | Not for loan | Permanent Location | Current Location | Date acquired | Total Checkouts | Full call number | Barcode | Date last seen | Price effective from | Koha item type |
|---|---|---|---|---|---|---|---|---|---|---|---|---|---|
| Military College of Engineering (MCE) | Military College of Engineering (MCE) | 02/11/2014 | 330 JAT | MCE-1876 | 11/28/2018 | 02/11/2014 | Book |
